Research methods in politics and international relations (Registro nro. 317890)

Detalles MARC
000 -ENCABEZADO
Número de control [NR] 00946nam a2200241 c 4500
005 - FECHA Y HORA DE LA ÚLTIMA TRANSACCIÓN
control field 20230413122840.0
008 - DE LONGITUD FIJA DE DATOS DE ELEMENTOS - INFORMACIÓN GENERAL
Elementos de longitud fija [NR] 200908s2020 cau||||gr|||| 00| 0 eng d
020 ## - NUMERO INTERNACIONAL NORMALIZADO PARA LIBROS [R]
Número Internacional Normalizado del libro [NR] 9781526419088
040 ## - FUENTE DE CATALOGACION [NR]
Agencia de catalogación original [NR] CO-BoUCM
Idioma de catalogación [NR] spa
Quien Cataloga Deissy Garcia
Quien Clasifica Deissy Garcia
041 0# - CODIGO DE IDIOMA [R]
Código de idioma para texto/pista de sonido o título separado [R] Inglés
100 ## - ASIENTO PRINCIPAL--NOMBRE PERSONAL [NR]
Nombre personal [NR] Lamont, Christopher K.
ID Autoridad 92754
245 10 - MENCION DE TITULO [NR]
Título [NR] Research methods in politics and international relations
Mención de responsabilidad, etc. [NR] Christopher Lamont, Mieczyslaw M. Boduszynski
260 ## - PUBLICACION, DISTRIBUCION, ETC. (PIE DE IMPRENTA) [R]
Lugar de publicación, distribución, etc. [R] Los Ángeles
Nombre del editor, distribuidor, etc. [R] SAGE Publications Ltd
Fecha de publicación, distribución, etc. [R] 2020
300 ## - DESCRIPCION FISICA [R]
Extensión [R] xvi, 229 páginas
504 ## - NOTA DE BIBLIOGRAFIA, ETC. [R]
Nota de bibliografía, etc. [NR] Incluye referencias bibliográficas e índices
650 17 - ASIENTO SECUNDARIO DE MATERIA - TERMINO TEMATICO [R]
9 (RLIN) 50743
Término temático o nombre geográfico como elemento de entrada [NR] Ciencia política
Subdivisión general [R] Investigaciones
650 17 - ASIENTO SECUNDARIO DE MATERIA - TERMINO TEMATICO [R]
Término temático o nombre geográfico como elemento de entrada [NR] Ciencia política
Subdivisión general [R] Metodología
9 (RLIN) 34239
650 17 - ASIENTO SECUNDARIO DE MATERIA - TERMINO TEMATICO [R]
Término temático o nombre geográfico como elemento de entrada [NR] Teoría política
Subdivisión general [R] Metodología
9 (RLIN) 100895
650 17 - ASIENTO SECUNDARIO DE MATERIA - TERMINO TEMATICO [R]
9 (RLIN) 8042
Término temático o nombre geográfico como elemento de entrada [NR] Relaciones internacionales
700 1# - ASIENTO SECUNDARIO - NOMBRE PERSONAL [R]
9 (RLIN) 177316
Nombre personal [NR] Boduszynski, Mieczyslaw M.
942 ## - ELEMENTOS DE ENTRADA AGREGADOS (KOHA)
Tipo de ítem principal el descrito en 300a Libro
Título oculto en OPAC No
Sistema de clasificación DEWEY
Tema principal Ciencia política
Edición 1
Clasificación 320.072
Parte restante de la signatura top. L234r
Existencias
Fecha de último préstamo Total préstamos Total Renewals Signatura topográfica Código de barras Última vez visto Ejemplar Costo de reposición Price effective from Tipo de ítem Perdido Sistema de clasificación Dañado No prestable Tipo de ítem específico Suprimido Ubicación habitual Ubicación actual Localización Fecha de creación Proveedor Forma de adquisición Costo
11/01/2023 1 3 320.072 L234r 100166677 03/12/2025 Ej.1 119249.00 07/09/2020 Libro   DEWEY     Libro   Claustro Claustro 3er piso 07/09/2020 156 Compra 119249.00
      320.072 L234r 100171517 03/12/2025 Ej.2 235152.00 13/04/2023 Libro   DEWEY     Libro   Claustro Claustro 3er piso 13/04/2023   Compra 235152.00